000 00381nam a2200157Ia 4500
008 231217s9999 xx 000 0 und d
041 _aEnglish
082 _a658.076 CHO;5 R
100 _aChopra, Ravi
245 0 _aCAT: Common admission test for IIM
250 _a2004 ed.
260 _c2004
_bGalgotia
_aNew Delhi
300 _a25+K-6
650 _aCATIIM
942 _cAA
999 _c173352
_d173352